00485nam a2200145Ia 4500008004100000041000800041082001600049100001800065245004500083260002700128300003300155365001100188999001700199952012300216240624s9999 xx 000 0 und d aeng a658.472 SCH aSCHMARZO BILL aBIG DATA UNDERSTANDING HOW DATA POWERS B c2013aNew DelhibWiley axxiii, : 216 : p. : cm. ; 23 cRSb31 c23028d23028 00104070aIMTNbIMTNcRack 33-Ad2014-09-25eIBHg499.00o658.472 SCHp23028r2024-06-24 00:00:00t1w2024-06-24yBK